000 006580000a22001810004500
003 MACL
005 20160206120720.0
008 160206b xxu||||| |||| 00| 0 eng d
040 _aMACL
_cMACL
041 _aHindi
082 _a100
100 _aसिद्धान्‍तालंकार संसद़-सदस्‍य प्रो. सत्‍यव्रत
_937065
245 _aवैदिक-संस्‍कृति के मूल त्‍तव
260 _bशाहदरा प्रिटिंग प्रेस
_aनई दिल्‍ली
350 _a6
650 _aPhilosophy
_937066
942 _cHIN
_k100
_2ddc
999 _c26697
_d26697